Statistiques concernant Toutes les communes Françaises frontalières de l'Espagne

Cliquez ici pour prendre le quiz!

Statistiques générales

  • Ce quiz a été pris 37 fois
  • Le résultat moyen est 29 sur 92

Statistiques - réponses

DépartementCommune% Correct
Pyrénées-AtlantiquesHendaye
75%
Pyrénées-OrientalesCerbère
64%
Haute-GaronneBagnères-de-Luchon
61%
Pyrénées-OrientalesBanyuls-sur-Mer
54%
Pyrénées-OrientalesUr
54%
Pyrénées-OrientalesAmélie-les-Bains-Palalda
46%
Pyrénées-OrientalesArgelès-sur-Mer
46%
Hautes-PyrénéesGavarnie-Gèdre
46%
Pyrénées-OrientalesLe Perthus
46%
Haute-Garonne
46%
Pyrénées-OrientalesBourg-Madame
43%
Pyrénées-OrientalesCéret
43%
Pyrénées-OrientalesSaint-Laurent-de-Cerdans
43%
Pyrénées-AtlantiquesAscain
39%
Hautes-PyrénéesCauterets
39%
Pyrénées-AtlantiquesLaruns
39%
Pyrénées-AtlantiquesAinhoa
36%
Pyrénées-OrientalesErr
36%
Haute-GaronneGouaux-de-Luchon
36%
Pyrénées-OrientalesLatour-de-Carol
36%
Pyrénées-OrientalesPrats-de-Mollo-la-Preste
36%
Hautes-PyrénéesSaint-Lary-Soulan
36%
Haute-GaronneSaint-Mamet
36%
Pyrénées-AtlantiquesSare
36%
Pyrénées-AtlantiquesUrrugne
36%
Hautes-PyrénéesArrens-Marsous
32%
Haute-GaronneCastillon-de-Larboust
32%
Pyrénées-OrientalesCoustouges
32%
Pyrénées-AtlantiquesEspelette
32%
Hautes-PyrénéesEstaing
32%
Pyrénées-OrientalesEstavar
32%
Pyrénées-OrientalesEyne
32%
Pyrénées-OrientalesLamanère
32%
Pyrénées-AtlantiquesLarrau
32%
Pyrénées-AtlantiquesLescun
32%
Pyrénées-OrientalesMantet
32%
Pyrénées-OrientalesPorta
32%
Pyrénées-AtlantiquesSainte-Engrâce
32%
Pyrénées-OrientalesSerralongue
32%
Pyrénées-OrientalesSorède
32%
Pyrénées-AtlantiquesUrdos
32%
Pyrénées-OrientalesAngoustrine-Villeneuve-des-Escaldes
29%
Hautes-PyrénéesAragnouet
29%
Pyrénées-AtlantiquesArette
29%
Haute-GaronneArtigue
29%
AriègeAuzat
29%
Pyrénées-AtlantiquesBiriatou
29%
Haute-GaronneCazeaux-de-Larboust
29%
Pyrénées-OrientalesEnveitg
29%
Pyrénées-OrientalesFontpédrouse
29%
Haute-GaronneFos
29%
Pyrénées-OrientalesL'Albère
29%
Pyrénées-OrientalesLaroque-des-Albères
29%
Pyrénées-OrientalesLlo
29%
Hautes-PyrénéesLoudenvielle
29%
Pyrénées-OrientalesMaureillas-las-Illas
29%
Haute-GaronneMelles
29%
Haute-GaronneMontauban-de-Luchon
29%
Pyrénées-OrientalesPalau-de-Cerdagne
29%
Pyrénées-OrientalesRaynès
29%
Pyrénées-OrientalesSaillagouse
29%
Haute-GaronneSaint-Aventin
29%
Haute-GaronneSode
29%
Pyrénées-OrientalesValcebollère
29%
Pyrénées-AtlantiquesAccous
25%
Haute-GaronneArlos
25%
AriègeAulus-les-Bains
25%
Hautes-PyrénéesGénos
25%
Pyrénées-OrientalesSainte-Léocadie
25%
Pyrénées-AtlantiquesSaint-Étienne-de-Baïgorry
25%
Pyrénées-AtlantiquesSaint-Pée-sur-Nivelle
25%
AriègeSentein
25%
Hautes-PyrénéesTramezaïgues
25%
AriègeUstou
25%
Pyrénées-AtlantiquesAldudes
21%
Pyrénées-AtlantiquesBanca
21%
Pyrénées-AtlantiquesBidarray
21%
AriègeBonac-Irazein
21%
Pyrénées-AtlantiquesBorce
21%
AriègeCouflens
21%
Pyrénées-AtlantiquesEstérençuby
21%
Haute-GaronneJuzet-de-Luchon
21%
AriègeSeix
21%
Pyrénées-OrientalesTargasonne
21%
Pyrénées-AtlantiquesArnéguy
18%
Pyrénées-AtlantiquesItxassou
18%
Pyrénées-AtlantiquesLasse
18%
Pyrénées-AtlantiquesLées-Athas
18%
AriègeBordes-Uchentein
14%
Pyrénées-AtlantiquesLecumberry
14%
Pyrénées-AtlantiquesSaint-Michel
14%
Pyrénées-AtlantiquesUrepel
14%

Distribution des résultats

Percentile par nombre de réponses

% des personnes avec chaque résultat

Votre développement - résultats

Vous n’avez pas pris ce quiz